| 000 | 00843cam a22002054a 4500 | ||
|---|---|---|---|
| 005 | 20250605164218.0 | ||
| 008 | 250528s ||||||||||||||||||||||||d | ||
| 035 | _a20543 | ||
| 020 | _a262681000 | ||
| 040 |
_aGR-AtMCL _bgre _dGR-AtMCL _eAACR2 |
||
| 245 | 1 | _aPresidents and the Press / The Nixon Legacy | |
| 250 | _a1st | ||
| 260 |
_bThe MIT Press, _c1986 |
||
| 300 | _a356 | ||
| 520 | _aA gold mine of never-before-told inside stories, some frightening, all interesting, which together give us the incredible account of how the government routinely deceives, misleads, and lies to the public and the press. Preface, Acknowledgements, Preview, Perspective, Evolution, Appeasement, Evasion, Intimidation, Watergate, Review, Notes, Index. | ||
| 700 | 1 |
_aSpear Joseph C _96525 |
|
| 942 | _cBK | ||
| 999 |
_c5641 _d5641 |
||